000 00742nam a22002297a 4500
003 UA-OsUOA
001 124785
007 ta
008 20170823b un ||||| |||| 00| 0 ukr d
100 _aСоболь В.
090 _a82.09(091)(477)
_bС54
942 _cBK
040 _aUA-OsUOA
_bukr
_cUA-OsUOA
_dUA-OsUOA
245 _aДо джерел. Історія української літератури ХІХ - початку ХХ ст.
_bдля ІІ класу загальноосвітнього ліцею
300 _a360 с.
955 _a2
041 _aukr
080 _a82.09(091)(477)
260 _aК.
_bВСІП
_c2006
650 7 _a82 Література. Літературознавство
_2UDC
999 _c411956
_d411956